000 005450000a22001810004500
003 MACL
005 20160409130939.0
008 160409b xxu||||| |||| 00| 0 eng d
040 _aMACL
_cMACL
041 _aHindi
082 _a500
100 _aसुरेश सोनी
_951316
245 _aभारत में विज्ञान की उज्‍जवल परंपरा
260 _aभोपाल
_bअर्चना प्रकाशन
_c2010
350 _a100
650 _aSci.
_951317
942 _cHIN
_k500
_2ddc
999 _c47694
_d47694